000 00365 a2200169 4500
001 187637
020 _a85-03-00747-9
040 _cMagnum
100 _aQueiroz, Rachel de
240 1 0 _aMemórias de menina
_lpor
245 1 0 _aMemórias de menina
300 _a31
362 0 _a2006
440 1 _aJosé Olympio
697 _aLITERATURA INFANTO
942 _cBK
999 _c187637
_d187637